Rural engineering; វិស្វកម្មជនបទ (Record no. 9244)
[ view plain ]
| 000 -LEADER | |
|---|---|
| fixed length control field | 00265nam a22001097a 4500 |
| 040 ## - CATALOGING SOURCE | |
| Transcribing agency | SK |
| 082 ## - DEWEY DECIMAL CLASSIFICATION NUMBER | |
| Classification number | 750 |
| 100 ## - MAIN ENTRY--AUTHOR NAME | |
| Personal name | សួស ចំណាន |
| 245 ## - TITLE STATEMENT | |
| Title | Rural engineering; វិស្វកម្មជនបទ |
| 260 ## - PUBLICATION, DISTRIBUTION, ETC. (IMPRINT) | |
| Place of publication | RUA |
| Name of publisher | សួស |
| Year of publication | 2011 |
| 942 ## - ADDED ENTRY ELEMENTS (KOHA) | |
| Koha item type | សៀវភៅភាសាខ្មែរ |
| 952 ## - LOCATION AND ITEM INFORMATION (KOHA) | |
| Withdrawn status [LOCAL, KOHA] | 0 |
| 952 ## - LOCATION AND ITEM INFORMATION (KOHA) | |
| Withdrawn status [LOCAL, KOHA] | 0 |
| Permanent Location | Date acquired | Koha item type | Lost status | Barcode | Shelving location | Current Location | Full call number |
|---|---|---|---|---|---|---|---|
| Library Block C | 2016-08-29 | សៀវភៅភាសាខ្មែរ | RUA44607 | Library Block C | 750 សួស 2011 C281 | ||
| Library Block B | 2016-10-07 | សៀវភៅភាសាខ្មែរ | A00674 | B281 | Library Block C | 750 សួស 2011 C281 |